Les plus grosses ventes du football en Premier League #1 - Statistiques

Statistiques générales
  • Ce quiz a été pris 59 fois
  • Le résultat moyen est 8 sur 10
Statistiques - réponses
Rang Saison Montant Allant à Joueurs % Correct
#1 2017-2018 135 millions Barcelone Philippe Coutinho
94%
#7 2023-2024 95 millions Bayern Munich Harry Kane
85%
#8 2009-2010 94 millions Real Madrid Cristiano Ronaldo
83%
#4 2023-2024 116,6 millions Arsenal Declan Rice
81%
#2 2019-2020 120,8 millions Real Madrid Eden Hazard
80%
#6 2013-2014 101 millions Real Madrid Gareth Bale
80%
#3 2021-2022 117,5 millions Manchester City Jack Grealish
78%
#9 2019-2020 87 millions Manchester United Harry Maguire
70%
#5 2023-2024 116 millions Chelsea Moisés Caicedo
70%
#10 2017-2018 84,7 millions Manchester United Romelu Lukaku
41%
Aucun quiz correspondant
Distribution des résultats
% des personnes avec chaque résultat
Percentile par nombre de réponses
Votre historique - résultats
Vous n’avez pas pris ce quiz